| 000 | 00583nam a2200205Ia 4500 | ||
|---|---|---|---|
| 005 | 20250508160641.0 | ||
| 008 | 008 250505s9999 xx 000 0 eng d | ||
| 037 | _aTextBook | ||
| 040 |
_aFEDL _beng _cFEDL |
||
| 041 |
_aeng _2eng |
||
| 084 |
_a001.42, GUI _qFEDL |
||
| 100 |
_aGuitfard J P _9769021 |
||
| 245 | 0 | _aFundamental Statistics in psychology and education | |
| 260 |
_aNew York, USA _bMcGraw-Hill Book Company _c1956 |
||
| 300 | _a605p | ||
| 365 |
_aINR _b144.5 |
||
| 650 | _aResearch Methods | ||
| 942 |
_cTB _h001.42, GUI |
||
| 999 |
_c1365829 _d1365829 |
||